000 00321 a2200133 4500
000 nam a22 7a 4500
100 _aDeepak, Prasad
110 _aDeepak, Prasad
245 _aAn Introduction to Public Administration
250 _alatest edition
260 _bOxford
_c2026
264 _bOxford
_c2026
942 _cBK
999 _c394497
_d394497